书目信息 |
| 题名: |
应用电化学
|
|
| 作者: | 杨绮琴 , 方北龙 , 童叶翔 编著 | |
| 分册: | ||
| 出版信息: | 广州 中山大学出版社 2005.02 |
|
| 页数: | 357页 | |
| 开本: | 26cm | |
| 丛书名: | ||
| 单 册: | ||
| 中图分类: | O646 | |
| 科图分类: | ||
| 主题词: | 电化学--dian hua xue--应用 | |
| 电子资源: | ||
| ISBN: | 7-306-01710-1 | |
| 000 | 01133nam0 2200289 450 | |
| 001 | 012006891259 | |
| 005 | 20060809085234.50 | |
| 010 | @a7-306-01710-1@dCNY33.80 | |
| 100 | @a20060809d2005 km y0chiy0120 ea | |
| 101 | 0 | @achi |
| 102 | @aCN@b440000 | |
| 105 | @aa a 000yy | |
| 106 | @ar | |
| 200 | 1 | @a应用电化学@Aying yong dian hua xue@d= Applied electrochemistry@f杨绮琴, 方北龙, 童叶翔编著@Fyang qi qin,fang bei long,tong ye xiang bian zhu@zeng |
| 205 | @a第2版 | |
| 210 | @a广州@c中山大学出版社@d2005.02 | |
| 215 | @a357页@c图@d26cm | |
| 320 | @a有书目 (第350-357页)。 | |
| 330 | @a本书共十二章,包括:电化学基本原理和方法、电化学工程简介、无机物电解制备,有机电合成和电活性聚合物,金属腐蚀与防护,电化学表面处理和加工等内容。既有基本理论,又有实际应用,并以应用为主。书中附有习题和题解,以及上述内容的参考书刊。 | |
| 510 | 1 | @aApplied electrochemistry@zeng |
| 606 | 0 | @a电化学@Adian hua xue@x应用 |
| 690 | @aO646@v4 | |
| 701 | 0 | @a杨绮琴@Ayang qi qin@4编著 |
| 701 | 0 | @a方北龙@Afang bei long@4编著 |
| 701 | 0 | @a童叶翔@Atong ye xiang@4编著 |
| 801 | 0 | @aCN@bQSSK@c20060809 |
| 905 | @b597814-16@dO646@eY245 | |
| 应用电化学= Applied electrochemistry/杨绮琴, 方北龙, 童叶翔编著.-第2版.-广州:中山大学出版社,2005.02 |
| 357页:图;26cm |
| ISBN 7-306-01710-1:CNY33.80 |
| 本书共十二章,包括:电化学基本原理和方法、电化学工程简介、无机物电解制备,有机电合成和电活性聚合物,金属腐蚀与防护,电化学表面处理和加工等内容。既有基本理论,又有实际应用,并以应用为主。书中附有习题和题解,以及上述内容的参考书刊。 |
| ● |
| 相关链接 |
|
|
|
正题名:应用电化学
索取号:O646/Y245
 
预约/预借
| 序号 | 登录号 | 条形码 | 馆藏地/架位号 | 状态 | 备注 |
| 1 | 597814 | 205978147 | 自科库401/401自科库 64排7列1层/ [索取号:O646/Y245] | 在馆 | |
| 2 | 597815 | 205978156 | 自科库401/401自科库 64排7列1层/ [索取号:O646/Y245] | 在馆 | |
| 3 | 597816 | 205978165 | 自科库401/401自科库 64排7列1层/ [索取号:O646/Y245] | 在馆 |